000 00234nam a22000857a 4500
008 170621b xxu||||| |||| 00| 0 eng d
100 _93594
_aBansal. S. K
245 _aFoundation of information technolgy
260 _aNew Delhi
_bA. P. H
_c2002
999 _c6982
_d6982